Responses for Show #5007 - Tuesday, May 23, 2006

Contestants

[<< previous game]

Tricia Barreiro, an interactive project manager from Santa Monica, California

Devin Landin, a student from Yorktown, New York

Harvey Cormier, a professor originally from Houston, Texas (whose 1-day cash winnings total $17,300)

[next game >>]

Jeopardy! Round responses

CLASSY CLASSICAL CLASSICS
ROBIN WILLIAMS MOVIES
NOTABLE NAMES
A "C"OUNTRY MILE
ON THE GO
ABBREV.
    $200 1
(Harvey: Who is Bach?)
(Alex: Which one?)

Johann Sebastian Bach

Harvey
    $200 8
Good Morning, Vietnam

Tricia
    $200 21
LaGuardia

Devin
    $200 4
Chile

Devin
    $200 26
(Tricia: What's a piano?)

a bicycle

DevinTricia
    $200 16
breaking & entering

Devin
    $400 2
"Pomp And Circumstance"

Harvey
    $400 9
Mrs. Doubtfire

Tricia
    $400 22
Mao Tse-tung

Harvey
    $400 5
Costa Rica

Harvey
    $400 27
a gondola

Tricia
    $400 17
consciousness

Harvey
    $600 3
Stravinsky

Tricia
    $600 10
Dead Poets Society

Devin
    $600 23
Kaddafi

Devin
    $600 11
Canada

Devin
    $600 28
(Harvey: Oh, what is... uh... heh heh...)
(Devin: What are submarines?)

dirigibles

HarveyDevin
Triple Stumper
    $600 18
a personal flotation device

Devin
    $800 6
Mozart

Harvey
    $800 14
(Tricia: What is Doc Adams?)

Patch Adams

HarveyTricia
    $800 24
Nat Turner

Harvey
    $800 12
(Devin: Uh, what is Curacao?)

Cuba

DevinTricia
    $800 29
(Tricia: What are... London and New York?)
...
(Alex: ...and the prize was claimed by Charles Lindbergh.)

New York & Paris

Tricia
    $800 19
black

Triple Stumper
    $1000 7
Rodeo

Harvey
    $1000 15
Popeye

Tricia
    $1000 25
the Shubert family

Triple Stumper
    $1000 13
Cote d'Ivoire

Devin
    $1000 30
Evel Knievel

Devin
    $1000 20
least common multiple

Devin

Scores at the first commercial break (after clue 15):

Harvey Devin Tricia
$3,600 $1,600 $2,200

Scores at the end of the Jeopardy! Round:

Harvey Devin Tricia
$4,600 $4,800 $1,600

Double Jeopardy! Round responses

CLASSIC GAME SHOWS
FAMILY FEUD
PLAYING PYRAMID
LET'S MAKE A DEAL
SHOP 'TIL YOU DROP
"TRUTH" OR CONSEQUENCES
    $400 21
Who's Afraid of Virginia Woolf?

Devin
    $400 4
a party

Tricia
    $400 16
Napoleon

Harvey
    $400 1
Sears

Tricia
    $400 11
(Tricia: [Mouths lyrics trying to arrive at the appropriate point])
(Alex: Heh-ho, you're running out of time...)
[Tricia's time expires but she rings in again and tries to blurt out the response.]
(Tricia: What is "His truth"--!)
(Alex: Sorry, no, no, no, sorry, you can't ring in twice.)

"His truth is marching on"

DevinTricia
    $800 24
Wuthering Heights

Harvey
    $800 5
things you kick

Tricia
    $800 17
(Harvey: What's the Easter Agreement?)
...
(Alex: What is the [*] Agreement. A few days off, Harvey.)

Good Friday

Harvey
Triple Stumper
    $800 2
The Sharper Image

Harvey
    $800 12
a truth serum

Devin
    $1200 22
What's My Line?

Devin
    $1200 25
(Tricia: What is Crime and Punishment?)
(Devin: What is Anna Karenina?)

The Brothers Karamazov

DevinTricia
Triple Stumper
    $1200 6
a chair

Tricia
    $1200 18
Hong Kong

Tricia
    $1200 3
(Harvey: What is Macy's?)

Bloomingdale's

HarveyDevin
    $1200 13
the Ministry of Truth

Harvey
    $1600 23
The Newlywed Game

Harvey
    $1600 26
Madame Bovary

Harvey
    $1600 7
a bed

Harvey
    $1600 19
the Iroquois Confederacy

Harvey
    $1600 9
J.C. Penney

Harvey
    $3,000 14
"There is truth in wine"

Harvey
    $2,000 27
(Harvey: Uhh... what is Tobacco Road?)
(Alex: No, but you're sort of on the right track. It's a Steinbeck work called [*]. "Say hello to your mother, Aron. Say hello to your mother.")
[The end-of-round signal sounds.]

East of Eden

Harvey
    $2000 8
a table

Tricia
    $2000 20
Finland

Triple Stumper
    $2000 10
bebe

Tricia
    $2000 15
(Devin: Uh, what are the Four Truths?)
(Alex: Be more specific.)
(Devin: What are the Four Truths of Enlightenment?)

the Four Noble Truths

Devin
Triple Stumper

Scores at the end of the Double Jeopardy! Round:

Harvey Devin Tricia
$14,800 $5,600 $8,000

[wagering suggestions for these scores]

Final Jeopardy! Round responses

THE GLOBE
(Alex: You know you're going to wind up south of the equator, and if you know the longitude for Canton, Ohio, add or subtract 180 from that, and you'll have a pretty good idea of where you'll be. In which body of water?)
DevinWhat is The Indian Ocean
$5,000
TriciaWhat is the Indian Ocean?
$7,998
HarveyWhat is the Red Sea?
$1,201
the Indian Ocean

Final scores:

Harvey Devin Tricia
$13,599 $10,600 $15,998
2nd place: $2,000 3rd place: $1,000 New champion: $15,998

Game dynamics:

Coryat scores:

Harvey Devin Tricia
$15,400 $5,600 $8,800
19 R
(including 1 DD),
4 W
(including 1 DD)
16 R,
4 W
13 R,
5 W
(including 1 DD)

Combined Coryat: $29,800

[game clues] [game scores] [suggest correction]

Game tape date: 2006-03-29
The J! Archive is created by fans, for fans. Scraping, republication, monetization, and malicious use prohibited; this site may use cookies and collect identifying information. See terms. The Jeopardy! game show and all elements thereof, including but not limited to copyright and trademark thereto, are the property of Jeopardy Productions, Inc. and are protected under law. This website is not affiliated with, sponsored by, or operated by Jeopardy Productions, Inc. Join the discussion at JBoard.tv.